| 000 | 00377nam a22001577a 4500 | ||
|---|---|---|---|
| 020 | _a0-590-19125-X | ||
| 082 |
_a823 _bARN/C |
||
| 100 | _aARNOLD, NICK | ||
| 245 |
_aCHEMICAL CHAOS _bHORRIBLE SCIENCE |
||
| 246 |
_aCHEMICAL CHAOS _bHORRIBLE SCIENCE |
||
| 260 |
_aUK _bSCHOLASTIC INC _c1997 |
||
| 300 | _a158 | ||
| 520 | _aSHORT-STORIES | ||
| 650 | _aSHORT-STORIES | ||
| 942 | _cBK | ||
| 999 |
_c2887 _d2887 |
||